Stratégia poľnohospodárskych podnikov pred vstupom do EÚ

Po roku 1990 - úpadok slovenského poľnohospodárstva. Nevyhnutnosť strategického riadenia. Nedostatky v strategickom riadení podnikov. Prieskum tvorby stratégie malých a stredných podnikov v poľnohospodárstve. Prieskum podnikateľskej stratégie. Nevyhnutné kroky pre zlepšenie situácie v poľnohospodárs...

Full description

Saved in:
Bibliographic Details
Main Author: Polák, Matej
Format: Book Chapter
Language:Slovak
Subjects:
Tags: Add Tag
No Tags, Be the first to tag this record!

MARC

LEADER 00000naa$a2200000$$$4500
001 0015425
005 20240502071401.8
041 0 |a slo 
044 |a SK 
245 1 0 |a Stratégia poľnohospodárskych podnikov pred vstupom do EÚ  |c Matej Polák 
520 |a Po roku 1990 - úpadok slovenského poľnohospodárstva. Nevyhnutnosť strategického riadenia. Nedostatky v strategickom riadení podnikov. Prieskum tvorby stratégie malých a stredných podnikov v poľnohospodárstve. Prieskum podnikateľskej stratégie. Nevyhnutné kroky pre zlepšenie situácie v poľnohospodárskych podnikoch. 
610 2 0 |a poľnohospodárstvo 
610 2 0 |a riadenie strategické 
610 2 0 |a stratégia podniková 
100 1 |a Polák, Matej